00496 2200181 4500001002100000005001500021008004100036020002200077035001900099041000700118082001000125090001700135100001100152245006500163260004000228300002300268650002300291INLIS00000000001518320241224114903241224||||||||| | ||| |||| || |  a978-979-769-460-9 0010-1224015183 aid0 a371.3 a371.3 RUS. m0 arusman00aModel-model pembelajaran: Mengembangkan profesionalisme guru aJakartabRajaGrafindo Persadac2013 axvi, 418 hlm; 24cm 0aModel Pembelajaran